000 00520nam a2200157Ia 4500
008 100122s9999 xx 000 0 und d
082 _b63441
_a954
100 _aआईन्स मॅक्ली ऑड
245 _aद सेपॉय रिव्होल्ट
260 _bप्राजक्त
_c2003
300 _a144
630 _aद सेपॉय रिव्होल्ट
700 _aगोळे धनंजय
730 _aद सेपॉय रिव्होल्ट
942 _cBOOK
999 _c437437
_d437434